The myth of the Lokamanya : (Record no. 18487)

MARC details
000 -LEADER
fixed length control field 00867cam a2200265 i 4500
001 - CONTROL NUMBER
control field 1245101
003 - CONTROL NUMBER IDENTIFIER
control field BDDh-ASL
005 - DATE AND TIME OF LATEST TRANSACTION
control field 20231015025717.0
008 - FIXED-LENGTH DATA ELEMENTS--GENERAL INFORMATION
fixed length control field 750414s1975 caub b 001 0 eng
010 ## - LIBRARY OF CONGRESS CONTROL NUMBER
LC control number 72097734
020 ## - INTERNATIONAL STANDARD BOOK NUMBER
International Standard Book Number 0520024079
040 ## - CATALOGING SOURCE
Original cataloging agency DLC
Transcribing agency DLC
Modifying agency BDDh-ASL
043 ## - GEOGRAPHIC AREA CODE
Geographic area code a-ii---
050 00 - LIBRARY OF CONGRESS CALL NUMBER
Classification number JQ298.I5
Item number C37
082 00 - DEWEY DECIMAL CLASSIFICATION NUMBER
Classification number 923.2547
-- B
Item number CAM
100 1# - MAIN ENTRY--PERSONAL NAME
Personal name Cashman, Richard I.
245 14 - TITLE STATEMENT
Title The myth of the Lokamanya :
Remainder of title Tilak and mass politics in Maharashtra /
Statement of responsibility, etc. by Richard I. Cashman.
260 ## - PUBLICATION, DISTRIBUTION, ETC.
Place of publication, distribution, etc. Berkeley :
Name of publisher, distributor, etc. University of California Press,
Date of publication, distribution, etc. [1975]
300 ## - PHYSICAL DESCRIPTION
Extent 246 p. :
Other physical details maps ;
Dimensions 24 cm.
504 ## - BIBLIOGRAPHY, ETC. NOTE
Bibliography, etc. note Includes bibliographical references and index.
600 10 - SUBJECT ADDED ENTRY--PERSONAL NAME
Personal name Tilak, Bal Gangadhar,
Dates associated with a name 1856-1920.
651 #0 - SUBJECT ADDED ENTRY--GEOGRAPHIC NAME
Geographic name Maharashtra (India)
General subdivision Politics and government.
906 ## - LOCAL DATA ELEMENT F, LDF (RLIN)
a 7
b cbc
c orignew
d 2
e opcn
f 19
g y-gencatlg
942 ## - ADDED ENTRY ELEMENTS (KOHA)
Source of classification or shelving scheme Dewey Decimal Classification
Koha item type Books
Holdings
Withdrawn status Lost status Source of classification or shelving scheme Damaged status Not for loan Collection code Home library Current library Shelving location Date acquired Source of acquisition Total Checkouts Full call number Barcode Date last seen Copy number Price effective from Koha item type Public note
    Dewey Decimal Classification   Not For Loan Non-fiction Asiatic Society Library Asiatic Society Library Harrison Collection 10/11/2020 Donated by Prof. John B. Harrison   923.2547 CAM 101679 10/11/2020 C-1 10/11/2020 Books RARE

Powered by Koha